00289nam a2200133Ia 4500003000400000005001700004008004100021020001800062040000900080100002000089245002600109260001100135260000900146OSt20231109071933.0170524s9999 xx 000 0 und d a0-600-60157-9 cIIMT awestcott- patsy 0aFood solutions eczema bHamlyn c2004